5HLuxD.jpg

KING HENRY VIII SENIOR AND PRIMARY SCHOOL LIBRARY OPAC

BEAR GRYLLS ADVENTURES (Record no. 5452)

000 -LEADER
fixed length control field 00316nam a22001217a 4500
008 - FIXED-LENGTH DATA ELEMENTS--GENERAL INFORMATION
fixed length control field 250918b ||||| |||| 00| 0 eng d
020 ## - INTERNATIONAL STANDARD BOOK NUMBER
International Standard Book Number 9781786960566
082 ## - DEWEY DECIMAL CLASSIFICATION NUMBER
Classification number 823.92 GRY
100 ## - MAIN ENTRY--PERSONAL NAME
Personal name GRYLLS,BEAR
Relator term AUTHOR
Language of a work ENGLISH
245 ## - TITLE STATEMENT
Title BEAR GRYLLS ADVENTURES
260 ## - PUBLICATION, DISTRIBUTION, ETC.
Place of publication, distribution, etc. GREAT BRITAIN
Name of publisher, distributor, etc. BEAR GRYLLS
Date of publication, distribution, etc. 2020
942 ## - ADDED ENTRY ELEMENTS (KOHA)
Source of classification or shelving scheme
Holdings
Withdrawn status Lost status Source of classification or shelving scheme Damaged status Not for loan Collection code Permanent Location Current Location Shelving location Date acquired Total Checkouts Full call number Barcode Date last seen Date last checked out Price effective from Koha item type Public note
          Fiction KH8 Primary School Library KH8 Primary School Library Fiction 2025-09-18 3 823.92 GRY KHPL000007610 2025-12-05 2025-10-29 2025-09-18 Books - Fiction PRIMARY LIBRARY

Powered By KH8 IT Dept